Assessment of morphological and biochemical changes during pregnancy in rats under the effect of radiation and progesterone / (رقم التسجيلة. 179816)

تفاصيل مارك
000 -LEADER
fixed length control field 01669namaa22003491i 4500
005 - أخر تعامل مع التسجيلة
control field 20260429133120.0
008 - FIXED-LENGTH DATA ELEMENTS--GENERAL INFORMATION
fixed length control field 260429s1995 ua ado|frm||| 00| 0 eng d
040 ## - CATALOGING SOURCE
Original cataloguing agency EG-GICUC
Language of cataloging eng
Transcribing agency EG-GICUC
Modifying agency EG-GICUC
Description conventions rda
041 0# - LANGUAGE CODE
Language code of text/sound track or separate title eng
Language code of summary or abstract eng
-- ara
049 ## - Acquisition Source
Acquisition Source Deposit
097 ## - Degree
Degree Ph.D
099 ## - LOCAL FREE-TEXT CALL NUMBER (OCLC)
Local Call Number Cai01.12.21.Ph.D.1995.Im.A.
100 0# - MAIN ENTRY--PERSONAL NAME
Authority record control number or standard number Iman Ismail Abd El Gawad.
Preparation preparation.
245 10 - TITLE STATEMENT
Title Assessment of morphological and biochemical changes during pregnancy in rats under the effect of radiation and progesterone /
Remainder of title
Statement of responsibility, etc. By Iman Ismail Abd El Gawad; Supervised By Prof. Dr. F. Abd El-Wahab, Prof. Dr.R. Boulis, Prof. Dr. S.M. Abd El-Aziz.
246 15 - VARYING FORM OF TITLE
Title proper/short title تقدير التغيرات المورفولوجية و البيوكيميائية أثناء الحمل فى الفئران تحت تأثير الإشعاع و البروجستيرون
264 #0 - PRODUCTION, PUBLICATION, DISTRIBUTION, MANUFACTURE, AND COPYRIGHT NOTICE
Date of production, publication, distribution, manufacture, or copyright notice 1995.
300 ## - PHYSICAL DESCRIPTION
Extent 229 pages :
Other physical details illustrations ;
Dimensions 30 cm. +
336 ## - CONTENT TYPE
Source rda content
Content type term text
337 ## - MEDIA TYPE
Source rdamedia
Media type term Unmediated
338 ## - CARRIER TYPE
Source rdacarrier
Carrier type term volume
502 ## - DISSERTATION NOTE
Dissertation note Thesis (Ph.D)-Cairo University, 1995.
504 ## - BIBLIOGRAPHY, ETC. NOTE
Bibliography, etc. note Bibliography: pages 212-229
653 #0 - INDEX TERM--UNCONTROLLED
Uncontrolled term zoology
653 #0 - INDEX TERM--UNCONTROLLED
Uncontrolled term effect of radiation and progesterone
653 #0 - INDEX TERM--UNCONTROLLED
Uncontrolled term morphological and biochemical changes
700 0# - ADDED ENTRY--PERSONAL NAME
Personal name Prof. Dr. F. Abd El-Wahab.
Relator term thesis advisor.
700 0# - ADDED ENTRY--PERSONAL NAME
Personal name Prof. Dr.R. Boulis
Relator term thesis advisor.
700 0# - ADDED ENTRY--PERSONAL NAME
Personal name Prof. Dr. S.M. Abd El-Aziz.
Relator term thesis advisor.
900 ## - Thesis Information
Department Department of zoology
Faculties Faculty of science
Universities Cairo University
Grant date 1995.
Supervisory body Prof. Dr. F. Abd El-Wahab.
-- Prof. Dr.R. Boulis.
-- Prof. Dr. S.M. Abd El-Aziz.
Discussion body Prof. Dr. F. Abd El-Wahab.
905 ## - Cataloger and Reviser Names
Cataloger Name Nermeen_Ahmed
942 ## - ADDED ENTRY ELEMENTS (KOHA)
Source of classification or shelving scheme Dewey Decimal Classification
Koha item type Thesis
Edition 21
Suppress in OPAC No
المقتنيات
Source of classification or shelving scheme Home library Current library Date acquired Inventory number Full call number Barcode Date last seen Effective from Koha item type
Dewey Decimal Classification المكتبة المركزبة الجديدة - جامعة القاهرة مكتبة المئوية 29.04.2026 25812 Cai01.12.21.Ph.D.1995.Im.A. 01010110025812000 29.04.2026 29.04.2026 Thesis
Cairo University Libraries Portal Implemented & Customized by: Eng. M. Mohamady Contacts: new-lib@cl.cu.edu.eg | cnul@cl.cu.edu.eg
CUCL logo CNUL logo
© All rights reserved — Cairo University Libraries
CUCL logo
Implemented & Customized by: Eng. M. Mohamady Contact: new-lib@cl.cu.edu.eg © All rights reserved — New Central Library
CNUL logo
Implemented & Customized by: Eng. M. Mohamady Contact: cnul@cl.cu.edu.eg © All rights reserved — Cairo National University Library